ბათუმის შოთა რუსთაველის სახელმწიფო უნივერსიტეტის ბიბლიოთეკა

Диссертация. Подготовка,защита,оформление. (ბიბ.ჩანაწერი № 35016)

000 -LEADER
fixed length control field 00652nam a2200229Ia 4500
001 - CONTROL NUMBER
control field 855
003 - CONTROL NUMBER IDENTIFIER
control field GE_BSU
008 - FIXED-LENGTH DATA ELEMENTS--GENERAL INFORMATION
fixed length control field 181216s||||||||xx |||||||||||||| ||und||
020 ## - INTERNATIONAL STANDARD BOOK NUMBER
International Standard Book Number 5829700654
040 ## - CATALOGING SOURCE
Transcribing agency GE_BSU
080 ## - UNIVERSAL DECIMAL CLASSIFICATION NUMBER
Universal Decimal Classification number 001.817
100 ## - MAIN ENTRY--PERSONAL NAME
Personal name Волков,Ю.Г.
245 ## - TITLE STATEMENT
Title Диссертация. Подготовка,защита,оформление.
245 ## - TITLE STATEMENT
Remainder of title Практическое пособие
260 ## - PUBLICATION, DISTRIBUTION, ETC.
Place of publication, distribution, etc. Москва
260 ## - PUBLICATION, DISTRIBUTION, ETC.
Name of publisher, distributor, etc. Гардарики
260 ## - PUBLICATION, DISTRIBUTION, ETC.
Date of publication, distribution, etc. 2001
300 ## - PHYSICAL DESCRIPTION
Extent 160стр.
653 ## - INDEX TERM--UNCONTROLLED
Uncontrolled term Диссертация. Подготовка,защита,оформление
942 ## - ADDED ENTRY ELEMENTS (KOHA)
Koha item type წიგნი
ეგზემპლარები
Withdrawn status Lost status Damaged status Not for loan Date acquired Barcode Date last seen Price effective from Koha item type
        2018-12-17 1673 2018-12-17 2018-12-17 წიგნი